000 01234nam a2200313 c 4500
003 BLK
005 20230520030324.0
008 180409b bul|||||r ||||||| ||bul||
010 _aKNG00104800000
020 _a954-585-410-3
_bиздат.: Бард
040 _aBLK
041 _aBUL
_cBUL
080 _aАмериканска литература (на САЩ)
_b821.111(73)
_x-31
_z821.111(73)-31
100 1 _aКларк, Мери Хигинс
_eпърви автор
_9371250
700 1 _aВиронова, Татяна Атанасова
_9363387
139 _aКларк, Мери Хигинс
_bК 63
245 1 0 _aМомиченцето на татко
_bРоман
_cМери Хигинс Кларк; прев. от англ. Татяна Атанасова Виронова.
257 _aUSA
260 София
_bБард
_c2002
_fХасково : Полиграфюг
300 _a272 с.
_c20 см
380 _aX
500 _aОриг. загл. Daddy's little girl / Mary Higgins Clarkл - Офс. изд.
653 _aромани
852 _aЦб 213677
856 4 _qpdf
_u
856 4 _qpdf
_u
942 _cKNG
_n0
944 _aCR
_c01.01.2002
_kВаля_Йорданова
944 _aED
_c21.02.2011
_k
999 _c99784
_d99784